| 000 | 00879nac a22002777a 4500 | ||
|---|---|---|---|
| 001 | BR6600240 | ||
| 003 | BR-BrBNA | ||
| 005 | 20240105113309.0 | ||
| 008 | 230509b bl.|||m| |||| 00| 0 por d | ||
| 040 |
_aBR-BrBNA _bpor _cBiblioteca Nacional de Agricultura |
||
| 072 | _aF00 | ||
| 090 | _a0170 BR6600240 | ||
| 100 | 1 | _aMiranda, P. | |
| 110 | 1 |
_aInstituto de Pesquisas Agronomicas de Pernambuco, Recife (Brasil) _96135 |
|
| 245 | 1 | _aConservacao de sementes de sorgo (Sorghum vulgare Pers.) | |
| 260 | 3 |
_aRecife, PE (Brasil): _c1967. |
|
| 300 | _ap. 27-36 | ||
| 490 |
_aBoletim Tecnico - Instituto de Pesquisas Agronomicas de Pernambuco (Brazil) _vno. 21 _x |
||
| 500 | _aSummaries (En, Pt) | ||
| 650 | _aSORGO | ||
| 650 | _aSEMENTE | ||
| 650 | _aARMAZENAMENTO | ||
| 650 | _aCONSERVACAO | ||
| 909 |
_a202312 _bLúcia Elande _c55 _dLúcia Elande |
||
| 942 |
_2AGRIS _n0 _cMS |
||
| 999 |
_c262951 _d262951 |
||